Statistics for Headquarters of Districts of Nepal (Province No. 4)

Click here to take the quiz!

General Stats

  • This quiz has been taken 33 times
  • The average score is 9 of 11

Answer Stats

DistrictAnswer% Correct
KaskiPokhara
100%
BaglungBaglung
88%
TanahunDamauli
88%
GorkhaGorkha
88%
ParbatKusma
88%
ManangChame
75%
MustangJomsom
75%
NawalpurKawasoti
75%
MyagdiBeni
63%
SyangjaPutalibazar
63%
LamjungBesisahar
50%

Score Distribution

Percentile by Number Answered

Percent of People with Each Score

Your Score History

You have not taken this quiz